000 00502nam a2200181Ia 4500
008 240925s9999 xx 000 0 und d
020 _a672312867
082 _a005.265 REI
100 _aReisodorph, Kent
245 0 _aSams Teach Yourself Borland Delphi 4 in 21 days
250 _aNA
260 _aIndiana:
_bSAMS
_c,1980.
300 _axxiii,918p.
_bNA
_fOriginal
500 _aIncludes Index
600 _aComputer Science
650 _aComputer science, information & general works
942 _cBK
999 _c5036
_d5036